书目信息 |
| 题名: |
环境艺术设计概论
|
|
| 作者: | 张建涛 主编 | |
| 分册: | ||
| 出版信息: | 北京 中国水利水电出版社 2014.09 |
|
| 页数: | 282页 | |
| 开本: | 29cm | |
| 丛书名: | 全国商业美术设计师平面设计专业考试培训教材 | |
| 单 册: | ||
| 中图分类: | TU-856 | |
| 科图分类: | ||
| 主题词: | 环境设计--huan jing she ji--教材 | |
| 电子资源: | ||
| ISBN: | 978-7-5170-2422-4 | |
| 000 | 01187nam 2200253 450 | |
| 001 | CAL 0120141429586 | |
| 005 | 20230512083714.37 | |
| 010 | @a978-7-5170-2422-4@dCNY59.00 | |
| 100 | @a20141118d2014 em y0chiy50 ea | |
| 101 | 0 | @achi |
| 102 | @aCN@b110000 | |
| 105 | @aa a 000yy | |
| 200 | 1 | @a环境艺术设计概论@Ahuan jing yi shu she ji gai lun@f张建涛主编@FZhang Jian Tao Zhu Bian |
| 210 | @a北京@c中国水利水电出版社@d2014.09 | |
| 215 | @a282页@c图 (部分彩图)@d29cm | |
| 225 | 2 | @a全国商业美术设计师平面设计专业考试培训教材@Aquan guo shang ye mei shu she ji shi ping mian she ji zhuan ye kao shi pei xun jiao cai |
| 320 | @a有书目 (第281-282页) | |
| 330 | @a本书内容主要包括对环境艺术设计的概念范畴、基本理论以及原则的整理归纳 ; 详细介绍与环境艺术设计相关的构成基础知识 ; 系统全面的指导读者了解和掌握室内环境设计与外部空间环境艺术设计基础知识、原理和技能, 并对设计程序、思维与方法以及表达方式与技法进行了详细规范的介绍。 | |
| 410 | 0 | @12001 @a全国商业美术设计师平面设计专业考试培训教材 |
| 606 | 0 | @a环境设计@Ahuan jing she ji@j教材 |
| 690 | @aTU-856@v5 | |
| 701 | 0 | @a张建涛@Azhang jian tao@4主编 |
| 801 | 0 | @aCN@b河南城建学院图书馆@c20150820 |
| 905 | @dTU-856@eZ120@f2 | |
| 环境艺术设计概论/张建涛主编.-北京:中国水利水电出版社,2014.09 |
| 282页:图 (部分彩图);29cm.-(全国商业美术设计师平面设计专业考试培训教材) |
| ISBN 978-7-5170-2422-4:CNY59.00 |
| 本书内容主要包括对环境艺术设计的概念范畴、基本理论以及原则的整理归纳 ; 详细介绍与环境艺术设计相关的构成基础知识 ; 系统全面的指导读者了解和掌握室内环境设计与外部空间环境艺术设计基础知识、原理和技能, 并对设计程序、思维与方法以及表达方式与技法进行了详细规范的介绍。 |
| ● |
| 相关链接 |
|
|
|
正题名:环境艺术设计概论
索取号:TU-856/Z120
 
预约/预借
| 序号 | 登录号 | 条形码 | 馆藏地/架位号 | 状态 | 备注 |
| 1 | 1224140 | 212241402 | 建筑库101/101建筑库 19排2列1层/ [索取号:TU-856/Z120] | 在馆 | |
| 2 | 1224141 | 212241411 | 建筑库101/101建筑库 19排2列1层/ [索取号:TU-856/Z120] | 在馆 | |
| 3 | 1506059 | 215060591 | 建筑与城市规划学院资料室/ [索取号:TU-856/Z120] | 在馆 | |
| 4 | 1506060 | 215060608 | 建筑与城市规划学院资料室/ [索取号:TU-856/Z120] | 在馆 |